000 00620nam a2200169Ia 4500
008 090711s9999 xx 000 0 und d
082 _b19021
100 _aदामले दत्तात्रय मो.
245 _aसरस्वतीSो लाडके पुत्र
260 _c1966
300 _a334
600 _aदामले दत्तात्रय मो.
630 _aसरस्वतीSो लाडके पुत्र
700 _aदामले दत्तात्रय मो.
730 _aसरस्वतीSो लाडके पुत्र
942 _cBOOK
999 _c313604
_d313604